| 000 | 00457nam a22001817a 4500 | ||
|---|---|---|---|
| 003 | CEME | ||
| 005 | 20210628202734.0 | ||
| 008 | 210125b xxu||||| |||| 00| 0 eng d | ||
| 020 | _a81-219-2232-1 | ||
| 040 | _c. | ||
| 082 | _a510 SAR | ||
| 100 |
_aSarkar, Swapan Kumar _961352 |
||
| 245 | _aA textbook of discrete mathematics | ||
| 260 |
_aNEW DELHI _bS.CHAND _c2003 |
||
| 300 | _aXV,731 P | ||
| 650 |
_aDISCRETE MATHEMATICS _959101 |
||
| 942 |
_cBK _2ddc |
||
| 999 |
_c570837 _d570837 |
||